| LEADER 01174nam 2200277 a 4500 |
| 001 12334105590 |
| 003 ULIB |
| 008 030417s2551 caua sb 001 0 eng |
| 020 ^a978-974-11-0929-6
|
| 060 4 ^aWC503.2^bร924 2551
|
| 100 ^aกุลกัญญา โชคไพบูลย์กิจ
|
| 245 ^aโรคติดเชื้อเอชไอวี / เอดส์ในเด็ก :^cกุลกัญญา โชคไพบูลย์กิจ
|
| 250 ^aพิมพ์ครั้งที่1
|
| 260 ^aกรุงเทพฯ :^bสาขาวิชาโรคติดเชื้อ ภาควิชากุมารเวชศาสตร์ คณะแพทยศาสตร์ศิริราชพยาบาล มหาวิทยาลัยมหิดล,^c2551
|
| 300 ^a346, [4] หน้า :^bภาพประกอบ
|
| 650 7 ^aโรคเอดส์ในเด็ก^xการรักษา
|
| 650 7 ^aโรคเอดส์ในเด็ก^xการดูแล
|
| 650 7 ^aโรคเอดส์ในเด็ก^xภาวะแทรกซ้อน
|
| 700 ^aกุลกัญญา โชคไพบูลย์กิจ^eบรรณาธิการ
|
| 710 2 ^aมหาวิทยาลัยมหิดล คณะเเพทยศาสตร์ศิริราชพยาบาล,^b ภาควิชากุมารเวชศาสตร์ สาขาวิชาโรคติดเชื้อ
|
| 913 ^aImported by ULIBM Administrator
|
| 949 ^aImport form external file by ULIBM system
|
| 999 ^aอรทัย
|